| 000 | 01296cam a2200325 a 4500 | ||
|---|---|---|---|
| 999 |
_c7334 _d7334 |
||
| 001 | 7334 | ||
| 003 | BD-JhCC | ||
| 005 | 20180319184704.0 | ||
| 008 | 930402s1992 bg b b 000 0 eng | ||
| 020 |
_a9840800825 : _cTk250.00 |
||
| 035 | _a(BD-JhCC)7334 | ||
| 040 |
_aDLC _cDLC _dDLC _dBD-JhCC |
||
| 041 | _aeng | ||
| 050 | 0 | 0 |
_aDS395.5 _b.B357 1992 |
| 082 |
_a954.92046 _bBAN 1992 |
||
| 245 | 0 | 0 |
_aBangladesh, South Asia, and the world / _cedited by Emajuddin Ahamed, Abul Kalam. |
| 260 |
_aDhaka, Bangladesh : _bAcademic Publishers in association with International Studies Association, Bangladesh, _cc1992. |
||
| 300 |
_ax, 302 p. : _bmap ; _c23 cm. |
||
| 504 | _aIncludes bibliographical references. | ||
| 520 | _aChiefly on South Asian affairs; most papers presented at a seminar organized by the International Studies Association, Bangladesh, in Dhaka on 10 August 1990. | ||
| 651 | 0 |
_aBangladesh _xPolitics and government _y1971- |
|
| 651 | 0 |
_aSouth Asia _xPolitics and government. |
|
| 651 | 0 |
_aBangladesh _xRelations _zSouth Asia. |
|
| 651 | 0 |
_aSouth Asia _xRelations _zBangladesh. |
|
| 700 | 1 | _aAhmed, Emajuddin. | |
| 700 | 0 |
_aAbul Kalam _c(Professor of International Relations) |
|
| 710 | 2 | _aInternational Studies Association, Bangladesh. | |
| 942 |
_2ddc _cBK |
||